[Event "Team women final 2016"]
[Site "Sochi"]
[Date "2016.05.09"]
[Round "8.5"]
[White "Shuvalova, Polina"]
[Black "Bodnaruk, Anastasia"]
[Result "1/2-1/2"]
[LiveChessVersion "1.4.4"]
[BlackElo "2475"]
[WhiteElo "2320"]
[BlackTeam "SDUSSHOR"]
[WhiteTeam "MoscowYouth"]

1. e4 {[%clk 1:30:58]} c5 {[%clk 1:30:55]} 2. Nf3 {[%clk 1:31:24]} Nc6
{[%clk 1:31:19]} 3. Bb5 {[%clk 1:31:06]} g6 {[%clk 1:31:42]} 4. O-O
{[%clk 1:26:37]} Bg7 {[%clk 1:32:02]} 5. Bxc6 {[%clk 1:25:33]} dxc6
{[%clk 1:31:02]} 6. d3 {[%clk 1:23:57]} Nf6 {[%clk 1:29:05]} 7. h3
{[%clk 1:17:25]} O-O {[%clk 1:28:49]} 8. Nc3 {[%clk 1:09:26]} Nd7
{[%clk 1:20:53]} 9. Be3 {[%clk 1:09:18]} e5 {[%clk 1:20:33]} 10. Qd2
{[%clk 1:09:07]} Re8 {[%clk 1:14:35]} 11. Nh2 {[%clk 1:00:12]} h5
{[%clk 1:11:05]} 12. Kh1 {[%clk 0:50:49]} b6 {[%clk 1:02:33]} 13. b3
{[%clk 0:41:07]} Nf8 {[%clk 1:00:12]} 14. Rad1 {[%clk 0:39:58]} Ne6
{[%clk 0:57:34]} 15. Ne2 {[%clk 0:36:30]} a5 {[%clk 0:51:36]} 16. f4
{[%clk 0:31:32]} exf4 {[%clk 0:51:36]} 17. Nxf4 {[%clk 0:31:50]} Nd4
{[%clk 0:42:27]} 18. a4 {[%clk 0:26:01]} Qe7 {[%clk 0:34:00]} 19. Rde1
{[%clk 0:24:24]} Ra7 {[%clk 0:32:00]} 20. Nf3 {[%clk 0:18:00]} Nxf3
{[%clk 0:25:16]} 21. Rxf3 {[%clk 0:17:13]} Qd6 {[%clk 0:25:29]} 22. Qf2
{[%clk 0:13:31]} Rae7 {[%clk 0:22:39]} 23. Qg3 {[%clk 0:12:02]} Be5
{[%clk 0:21:02]} 24. Ref1 {[%clk 0:10:04]} Kh7 {[%clk 0:19:12]} 25. Qg5
{[%clk 0:08:52]} Bf6 {[%clk 0:18:30]} 26. Qg3 {[%clk 0:08:39]} Be5
{[%clk 0:18:26]} 27. Qf2 {[%clk 0:08:34]} Bg7 {[%clk 0:16:49]} 28. Qg3
{[%clk 0:08:01]} Be5 {[%clk 0:17:03]} 29. Qf2 {[%clk 0:07:03]} Bg7
{[%clk 0:17:20]} 30. g4 {[%clk 0:05:54]} hxg4 {[%clk 0:14:02]} 31. Qh4+
{[%clk 0:06:16]} Kg8 {[%clk 0:13:41]} 32. hxg4 {[%clk 0:06:31]} Bf6
{[%clk 0:09:42]} 33. Qh6 {[%clk 0:05:00]} Bxg4 {[%clk 0:07:47]} 34. R3f2
{[%clk 0:04:08]} Bg7 {[%clk 0:07:14]} 35. Qh4 {[%clk 0:04:33]} f5
{[%clk 0:06:59]} 36. Qg5 {[%clk 0:04:20]} Qf6 {[%clk 0:04:54]} 37. Nxg6
{[%clk 0:03:51]} Re6 {[%clk 0:03:37]} 38. Qxf6 {[%clk 0:03:09]} Rxf6
{[%clk 0:03:49]} 39. Nh4 {[%clk 0:02:16]} Bh6 {[%clk 0:01:37]} 40. Bxh6
{[%clk 0:31:50]} Rxh6 {[%clk 0:32:00]} 41. Rh2 {[%clk 0:31:20]} Kf7
{[%clk 0:13:57]} 42. Nxf5 {[%clk 0:30:37]} Rxh2+ {[%clk 0:14:23]} 43. Kxh2
{[%clk 0:31:00]} Rh8+ {[%clk 0:12:33]} 44. Kg3 {[%clk 0:31:15]} Bxf5
{[%clk 0:12:53]} 45. Rxf5+ {[%clk 0:21:25]} Ke6 {[%clk 0:13:13]} 46. Kg2
{[%clk 0:21:27]} Ke7 {[%clk 0:12:01]} 47. Kf1 {[%clk 0:21:33]} Rh2
{[%clk 0:10:18]} 48. Rf2 {[%clk 0:21:57]} Rh1+ {[%clk 0:09:56]} 49. Ke2
{[%clk 0:22:22]} b5 {[%clk 0:09:27]} 50. axb5 {[%clk 0:13:02]} cxb5
{[%clk 0:09:54]} 51. Rf5 {[%clk 0:13:06]} Kd6 {[%clk 0:09:29]} 52. d4
{[%clk 0:13:17]} Rh2+ {[%clk 0:06:09]} 53. Kd3 {[%clk 0:11:49]} Rh3+
{[%clk 0:05:57]} 54. Kd2 {[%clk 0:12:13]} Rh2+ {[%clk 0:06:09]} 55. Kc1
{[%clk 0:12:04]} cxd4 {[%clk 0:04:19]} 56. Rxb5 {[%clk 0:11:59]} Kc6
{[%clk 0:02:40]} 57. Rxa5 {[%clk 0:08:57]} Re2 {[%clk 0:02:57]} 58. Re5
{[%clk 0:08:58]} Kb6 {[%clk 0:03:08]} 59. Kd1 {[%clk 0:09:17]} Re3
{[%clk 0:03:22]} 60. Kd2 {[%clk 0:09:31]} Kc6 {[%clk 0:03:40]} 61. b4
{[%clk 0:09:30]} Kb6 {[%clk 0:03:51]} 62. Rd5 {[%clk 0:08:23]} Rxe4
{[%clk 0:04:10]} 63. Kd3 {[%clk 0:08:47]} Re1 {[%clk 0:04:15]} 64. Kxd4
{[%clk 0:09:02]} Kc6 {[%clk 0:04:28]} 65. Kc4 {[%clk 0:08:36]} Re4+
{[%clk 0:04:27]} 66. Rd4 {[%clk 0:09:02]} Re6 {[%clk 0:04:53]} 67. Rh4
{[%clk 0:09:21]} Kb6 {[%clk 0:05:19]} 68. c3 {[%clk 0:09:45]} Re3
{[%clk 0:05:32]} 69. Rh6+ {[%clk 0:09:59]} Kb7 {[%clk 0:06:01]} 70. Kd4
{[%clk 0:10:19]} 1/2-1/2

[Event "Team women final 2016"]
[Site "Sochi"]
[Date "2016.05.09"]
[Round "8.6"]
[White "Ovod, Evgenija"]
[Black "Ivanova, Karina"]
[Result "1-0"]
[LiveChessVersion "1.4.4"]
[BlackElo "2133"]
[WhiteElo "2329"]
[BlackTeam "MoscowYouth"]
[WhiteTeam "SDUSSHOR"]

1. d4 {[%clk 1:30:58]} Nf6 {[%clk 1:30:48]} 2. c4 {[%clk 1:31:21]} e6
{[%clk 1:31:07]} 3. Nc3 {[%clk 1:31:46]} Bb4 {[%clk 1:31:22]} 4. e3
{[%clk 1:32:10]} c5 {[%clk 1:31:24]} 5. Bd3 {[%clk 1:32:28]} O-O {[%clk 1:31:36]}
6. Nf3 {[%clk 1:32:43]} d5 {[%clk 1:31:48]} 7. O-O {[%clk 1:33:01]} Nc6
{[%clk 1:31:07]} 8. a3 {[%clk 1:33:25]} Bxc3 {[%clk 1:31:29]} 9. bxc3
{[%clk 1:33:53]} dxc4 {[%clk 1:31:16]} 10. Bxc4 {[%clk 1:34:19]} Qc7
{[%clk 1:31:02]} 11. h3 {[%clk 1:34:24]} b6 {[%clk 1:23:36]} 12. Bb2
{[%clk 1:33:10]} Bb7 {[%clk 1:23:22]} 13. Qe2 {[%clk 1:26:19]} e5
{[%clk 1:11:17]} 14. Ba2 {[%clk 1:21:39]} Rad8 {[%clk 1:05:38]} 15. Rac1
{[%clk 1:16:58]} Qe7 {[%clk 1:01:08]} 16. Rfd1 {[%clk 1:14:16]} cxd4
{[%clk 0:57:48]} 17. cxd4 {[%clk 1:12:59]} e4 {[%clk 0:56:56]} 18. Ne5
{[%clk 1:11:35]} Nxe5 {[%clk 0:48:00]} 19. dxe5 {[%clk 1:12:02]} Nd5
{[%clk 0:48:16]} 20. Qg4 {[%clk 1:05:23]} Rfe8 {[%clk 0:33:19]} 21. Bb1
{[%clk 0:59:41]} Nc7 {[%clk 0:29:32]} 22. Bxe4 {[%clk 0:58:36]} Bxe4
{[%clk 0:29:27]} 23. Qxe4 {[%clk 0:59:03]} Ne6 {[%clk 0:29:31]} 24. Qc2
{[%clk 0:46:24]} Rxd1+ {[%clk 0:21:37]} 25. Rxd1 {[%clk 0:46:48]} Qb7
{[%clk 0:21:40]} 26. Rd6 {[%clk 0:45:55]} Rc8 {[%clk 0:19:55]} 27. Qd3
{[%clk 0:46:09]} a6 {[%clk 0:15:06]} 28. Bd4 {[%clk 0:31:58]} b5 {[%clk 0:15:26]}
29. Rb6 {[%clk 0:32:07]} Qd7 {[%clk 0:14:22]} 30. Qe4 {[%clk 0:31:03]} Rc1+
{[%clk 0:12:00]} 31. Kh2 {[%clk 0:31:29]} Qc8 {[%clk 0:12:24]} 32. Qd5
{[%clk 0:29:21]} Rc2 {[%clk 0:10:08]} 33. Qd6 {[%clk 0:29:05]} Nc7
{[%clk 0:08:26]} 34. Rc6 {[%clk 0:19:41]} Rxc6 {[%clk 0:08:18]} 35. Qxc6
{[%clk 0:20:09]} Qb8 {[%clk 0:07:35]} 36. Bc5 {[%clk 0:20:25]} Ne8
{[%clk 0:05:09]} 37. Bd6 {[%clk 0:20:39]} Nxd6 {[%clk 0:04:49]} 38. exd6
{[%clk 0:20:34]} 1-0

[Event "Team women final 2016"]
[Site "Sochi"]
[Date "2016.05.09"]
[Round "8.7"]
[White "Borisova, Ekaterina"]
[Black "Belenkaya, Dina"]
[Result "0-1"]
[LiveChessVersion "1.4.4"]
[BlackElo "2289"]
[WhiteElo "2058"]
[BlackTeam "SDUSSHOR"]
[WhiteTeam "MoscowYouth"]

1. e4 {[%clk 1:30:59]} c6 {[%clk 1:30:56]} 2. d4 {[%clk 1:31:26]} d5
{[%clk 1:31:23]} 3. Nc3 {[%clk 1:31:53]} dxe4 {[%clk 1:31:49]} 4. Nxe4
{[%clk 1:32:20]} Bf5 {[%clk 1:32:15]} 5. Ng3 {[%clk 1:32:48]} Bg6
{[%clk 1:32:42]} 6. Nh3 {[%clk 1:33:09]} e6 {[%clk 1:32:32]} 7. Nf4
{[%clk 1:33:33]} Bd6 {[%clk 1:32:56]} 8. Ngh5 {[%clk 1:32:44]} Bxh5
{[%clk 1:29:27]} 9. Nxh5 {[%clk 1:32:35]} g6 {[%clk 1:29:14]} 10. Ng3
{[%clk 1:32:05]} Nf6 {[%clk 1:28:15]} 11. Bh6 {[%clk 1:26:34]} Nbd7
{[%clk 1:27:08]} 12. Be2 {[%clk 1:25:34]} Qc7 {[%clk 1:21:08]} 13. O-O
{[%clk 1:16:31]} O-O-O {[%clk 1:19:30]} 14. c4 {[%clk 1:11:37]} Rhg8
{[%clk 1:17:15]} 15. f4 {[%clk 1:05:14]} Rge8 {[%clk 1:09:47]} 16. Bg5
{[%clk 1:00:03]} h6 {[%clk 1:07:12]} 17. c5 {[%clk 0:57:29]} Be7 {[%clk 0:59:58]}
18. Bxf6 {[%clk 0:54:14]} Nxf6 {[%clk 0:59:21]} 19. Qa4 {[%clk 0:54:03]} Rd7
{[%clk 0:43:56]} 20. Rad1 {[%clk 0:49:37]} Red8 {[%clk 0:36:54]} 21. Rf3
{[%clk 0:41:13]} Rxd4 {[%clk 0:33:29]} 22. Rxd4 {[%clk 0:32:35]} Bxc5
{[%clk 0:33:45]} 23. Rfd3 {[%clk 0:31:55]} Rxd4 {[%clk 0:32:23]} 24. Rxd4
{[%clk 0:31:58]} Qxf4 {[%clk 0:32:13]} 0-1

[Event "Team women final 2016"]
[Site "Sochi"]
[Date "2016.05.09"]
[Round "8.8"]
[White "Balaian, Alina"]
[Black "Yurovskikh, Yasmin"]
[Result "1/2-1/2"]
[LiveChessVersion "1.4.4"]
[BlackElo "1892"]
[WhiteElo "2230"]
[BlackTeam "MoscowYouth"]
[WhiteTeam "SDUSSHOR"]

1. e4 {[%clk 1:30:57]} c6 {[%clk 1:30:55]} 2. d4 {[%clk 1:31:19]} d5
{[%clk 1:31:21]} 3. Nd2 {[%clk 1:31:19]} dxe4 {[%clk 1:31:44]} 4. Nxe4
{[%clk 1:31:44]} Bf5 {[%clk 1:32:10]} 5. Ng3 {[%clk 1:32:08]} Bg6
{[%clk 1:32:36]} 6. h4 {[%clk 1:32:30]} h6 {[%clk 1:33:03]} 7. Nf3
{[%clk 1:32:50]} Nd7 {[%clk 1:33:25]} 8. h5 {[%clk 1:33:09]} Bh7 {[%clk 1:33:50]}
9. Bd3 {[%clk 1:33:28]} Bxd3 {[%clk 1:34:15]} 10. Qxd3 {[%clk 1:33:53]} e6
{[%clk 1:34:29]} 11. Bf4 {[%clk 1:34:08]} Qa5+ {[%clk 1:34:53]} 12. Bd2
{[%clk 1:34:33]} Bb4 {[%clk 1:33:46]} 13. c3 {[%clk 1:30:05]} Be7
{[%clk 1:34:03]} 14. Qe2 {[%clk 1:26:10]} Ngf6 {[%clk 1:33:28]} 15. Ne5
{[%clk 1:24:56]} O-O {[%clk 1:32:06]} 16. f4 {[%clk 1:19:55]} Rfe8
{[%clk 1:21:09]} 17. Ne4 {[%clk 1:02:42]} Qd5 {[%clk 1:12:09]} 18. Nf2
{[%clk 0:55:28]} c5 {[%clk 1:05:52]} 19. c4 {[%clk 0:51:03]} Qxd4
{[%clk 0:56:04]} 20. O-O-O {[%clk 0:51:08]} Qd6 {[%clk 0:45:33]} 21. g4
{[%clk 0:40:03]} Qc7 {[%clk 0:37:00]} 22. Bc3 {[%clk 0:40:20]} Nxe5
{[%clk 0:31:10]} 23. Bxe5 {[%clk 0:40:49]} Qc6 {[%clk 0:31:28]} 24. Bc3
{[%clk 0:32:51]} Nh7 {[%clk 0:28:01]} 25. Nd3 {[%clk 0:24:02]} b5
{[%clk 0:21:55]} 26. Ne5 {[%clk 0:19:58]} Qa6 {[%clk 0:22:08]} 27. cxb5
{[%clk 0:17:02]} Qxa2 {[%clk 0:22:27]} 28. Rhf1 {[%clk 0:07:27]} Nf6
{[%clk 0:15:51]} 29. Rf3 {[%clk 0:04:50]} Nd5 {[%clk 0:14:18]} 30. Qe4
{[%clk 0:02:53]} Nxc3 {[%clk 0:10:53]} 31. Rxc3 {[%clk 0:03:20]} Red8
{[%clk 0:08:40]} 32. Re1 {[%clk 0:01:57]} Bh4 {[%clk 0:06:58]} 33. Rh1
{[%clk 0:02:00]} Bf6 {[%clk 0:05:53]} 34. Ra3 {[%clk 0:01:47]} Qd5
{[%clk 0:06:09]} 35. Qxd5 {[%clk 0:02:16]} exd5 {[%clk 0:06:04]} 36. Nc6
{[%clk 0:02:21]} Rd7 {[%clk 0:03:59]} 37. Re1 {[%clk 0:01:12]} Rb7
{[%clk 0:03:36]} 38. Ra5 {[%clk 0:01:22]} Kf8 {[%clk 0:03:28]} 39. Kc2
{[%clk 0:00:38]} Bd8 {[%clk 0:01:00]} 40. Nxd8 {[%clk 0:30:43]} Rxd8
{[%clk 0:31:26]} 41. g5 {[%clk 0:23:41]} Rd6 {[%clk 0:22:06]} 42. Rea1
{[%clk 0:15:44]} Rdb6 {[%clk 0:16:06]} 43. Rxa7 {[%clk 0:13:59]} Rxb5
{[%clk 0:16:24]} 44. Ra8+ {[%clk 0:12:06]} Ke7 {[%clk 0:14:06]} 45. R1a2
{[%clk 0:11:07]} hxg5 {[%clk 0:09:03]} 46. fxg5 {[%clk 0:11:34]} Rb4
{[%clk 0:05:28]} 47. Rg8 {[%clk 0:10:51]} Rh4 {[%clk 0:05:54]} 48. Rxg7
{[%clk 0:10:47]} Rxh5 {[%clk 0:06:16]} 49. g6 {[%clk 0:10:29]} Rf5
{[%clk 0:04:51]} 50. Rxf7+ {[%clk 0:09:19]} Rxf7 {[%clk 0:05:17]} 51. gxf7
{[%clk 0:09:46]} Kxf7 {[%clk 0:05:44]} 52. Ra5 {[%clk 0:09:03]} Rc7
{[%clk 0:05:57]} 53. Kd3 {[%clk 0:08:37]} Ke6 {[%clk 0:06:13]} 54. Rb5
{[%clk 0:08:29]} Ke5 {[%clk 0:06:13]} 55. b3 {[%clk 0:08:45]} Kd6
{[%clk 0:05:35]} 56. b4 {[%clk 0:08:09]} c4+ {[%clk 0:04:34]} 57. Kd4
{[%clk 0:08:25]} Kc6 {[%clk 0:02:18]} 58. Rxd5 {[%clk 0:07:48]} Kb6
{[%clk 0:02:42]} 1/2-1/2

[Event "Team women final 2016"]
[Site "Sochi"]
[Date "2016.05.09"]
[Round "8.10"]
[White "Zhukova, Natalia"]
[Black "Pogonina, Natalija"]
[Result "1/2-1/2"]
[LiveChessVersion "1.4.4"]
[BlackElo "2490"]
[WhiteElo "2489"]
[BlackTeam "Ugra"]
[WhiteTeam "University"]

1. Nf3 {[%clk 1:30:56]} d5 {[%clk 1:30:22]} 2. c4 {[%clk 1:31:16]} e6
{[%clk 1:30:35]} 3. b3 {[%clk 1:31:24]} Nf6 {[%clk 1:29:40]} 4. g3
{[%clk 1:31:35]} Be7 {[%clk 1:28:04]} 5. Bg2 {[%clk 1:31:47]} O-O
{[%clk 1:28:28]} 6. O-O {[%clk 1:32:05]} b6 {[%clk 1:21:16]} 7. Bb2
{[%clk 1:31:39]} Bb7 {[%clk 1:21:26]} 8. e3 {[%clk 1:31:24]} Nbd7
{[%clk 1:19:48]} 9. Nc3 {[%clk 1:26:09]} a6 {[%clk 1:18:00]} 10. Qe2
{[%clk 1:25:07]} Bd6 {[%clk 1:16:45]} 11. d3 {[%clk 1:13:53]} dxc4
{[%clk 1:14:54]} 12. bxc4 {[%clk 1:11:12]} c5 {[%clk 1:09:45]} 13. a4
{[%clk 1:07:44]} Qc7 {[%clk 1:08:47]} 14. Nd2 {[%clk 0:42:47]} Bxg2
{[%clk 1:03:19]} 15. Kxg2 {[%clk 0:43:12]} Ne5 {[%clk 1:03:40]} 16. f4
{[%clk 0:43:04]} Nc6 {[%clk 1:03:20]} 17. f5 {[%clk 0:36:05]} Rae8
{[%clk 0:57:51]} 18. fxe6 {[%clk 0:32:31]} fxe6 {[%clk 0:57:35]} 19. Nce4
{[%clk 0:28:59]} Nxe4 {[%clk 0:54:19]} 20. Nxe4 {[%clk 0:29:12]} Be5
{[%clk 0:53:53]} 21. Rab1 {[%clk 0:18:07]} Bxb2 {[%clk 0:43:37]} 22. Rxb2
{[%clk 0:18:30]} Nb4 {[%clk 0:43:54]} 23. Kg1 {[%clk 0:11:11]} Rxf1+
{[%clk 0:36:21]} 24. Qxf1 {[%clk 0:11:35]} Qd7 {[%clk 0:36:47]} 25. d4
{[%clk 0:10:52]} Qxa4 {[%clk 0:29:47]} 26. dxc5 {[%clk 0:11:19]} Qa3
{[%clk 0:19:35]} 27. Qe2 {[%clk 0:08:28]} bxc5 {[%clk 0:17:27]} 28. Nxc5
{[%clk 0:08:50]} a5 {[%clk 0:17:02]} 29. Rd2 {[%clk 0:08:21]} Qc3
{[%clk 0:11:58]} 30. Nd7 {[%clk 0:02:08]} h6 {[%clk 0:08:43]} 31. Qh5
{[%clk 0:01:12]} Qc1+ {[%clk 0:05:28]} 32. Rd1 {[%clk 0:01:40]} Qxe3+
{[%clk 0:05:53]} 33. Kg2 {[%clk 0:01:48]} Qe4+ {[%clk 0:00:59]} 34. Kg1
{[%clk 0:02:17]} Qe3+ {[%clk 0:01:02]} 35. Kg2 {[%clk 0:01:41]} Qe4+
{[%clk 0:01:07]} 36. Kg1 {[%clk 0:02:10]} Rc8 {[%clk 0:00:49]} 37. Qxh6
{[%clk 0:00:40]} Nd3 {[%clk 0:00:36]} 38. Qd2 {[%clk 0:00:40]} Qd4+
{[%clk 0:00:41]} 39. Kg2 {[%clk 0:01:09]} Qe4+ {[%clk 0:00:45]} 40. Kg1
{[%clk 0:30:59]} Qd4+ {[%clk 0:30:44]} 41. Kg2 {[%clk 0:31:28]} Qxd7
{[%clk 0:27:22]} 42. Qxd3 {[%clk 0:31:18]} Qxd3 {[%clk 0:27:47]} 43. Rxd3
{[%clk 0:31:43]} Rxc4 {[%clk 0:28:13]} 44. Rd7 {[%clk 0:27:35]} a4
{[%clk 0:21:42]} 45. Ra7 {[%clk 0:25:51]} Rc2+ {[%clk 0:07:36]} 46. Kh3
{[%clk 0:18:42]} Ra2 {[%clk 0:07:51]} 47. Kg4 {[%clk 0:13:23]} a3
{[%clk 0:06:36]} 48. h4 {[%clk 0:13:37]} e5 {[%clk 0:05:45]} 49. Kf5
{[%clk 0:12:23]} Rf2+ {[%clk 0:01:24]} 50. Kxe5 {[%clk 0:12:37]} a2
{[%clk 0:01:29]} 1/2-1/2

[Event "Team women final 2016"]
[Site "Sochi"]
[Date "2016.05.09"]
[Round "8.11"]
[White "Mkrtchian, Lilit"]
[Black "Zaiatz, Elena"]
[Result "1/2-1/2"]
[LiveChessVersion "1.4.4"]
[BlackElo "2364"]
[WhiteElo "2434"]
[BlackTeam "University"]
[WhiteTeam "Ugra"]

1. c4 {[%clk 1:30:51]} e6 {[%clk 1:30:48]} 2. g3 {[%clk 1:31:04]} d5
{[%clk 1:31:09]} 3. Bg2 {[%clk 1:31:26]} dxc4 {[%clk 1:30:46]} 4. Qa4+
{[%clk 1:30:48]} Nd7 {[%clk 1:30:48]} 5. Qxc4 {[%clk 1:30:38]} c5
{[%clk 1:31:11]} 6. d3 {[%clk 1:27:56]} Ngf6 {[%clk 1:27:30]} 7. Nf3
{[%clk 1:28:08]} a6 {[%clk 1:27:04]} 8. Qb3 {[%clk 1:24:07]} Bd6 {[%clk 1:25:08]}
9. a4 {[%clk 1:24:20]} Rb8 {[%clk 1:24:54]} 10. a5 {[%clk 1:24:02]} Bc7
{[%clk 1:13:22]} 11. Qa4 {[%clk 1:18:04]} O-O {[%clk 1:11:23]} 12. O-O
{[%clk 1:17:42]} Nd5 {[%clk 1:10:14]} 13. Nbd2 {[%clk 1:17:26]} b5
{[%clk 0:59:36]} 14. axb6 {[%clk 1:17:48]} N7xb6 {[%clk 1:00:02]} 15. Qc2
{[%clk 1:15:31]} Bd6 {[%clk 0:50:45]} 16. Ne4 {[%clk 1:11:12]} Nb4
{[%clk 0:50:48]} 17. Qb3 {[%clk 1:09:34]} Be7 {[%clk 0:47:57]} 18. Bf4
{[%clk 1:05:47]} Rb7 {[%clk 0:42:20]} 19. Rfc1 {[%clk 0:56:53]} N6d5
{[%clk 0:40:00]} 20. Bd2 {[%clk 0:46:44]} Nc6 {[%clk 0:38:21]} 21. Qa4
{[%clk 0:45:39]} Rb5 {[%clk 0:38:40]} 22. Nc3 {[%clk 0:34:03]} Rb6
{[%clk 0:32:50]} 23. Ne4 {[%clk 0:30:36]} Rb5 {[%clk 0:32:55]} 24. Nc3
{[%clk 0:24:57]} Rb6 {[%clk 0:33:19]} 25. Qc2 {[%clk 0:25:00]} Bb7
{[%clk 0:30:14]} 26. Na4 {[%clk 0:24:19]} Rb5 {[%clk 0:30:10]} 27. Qc4
{[%clk 0:23:49]} Qb8 {[%clk 0:11:45]} 28. Qg4 {[%clk 0:21:36]} Ne5
{[%clk 0:08:47]} 29. Nxe5 {[%clk 0:17:16]} Qxe5 {[%clk 0:09:15]} 30. e4
{[%clk 0:16:32]} h5 {[%clk 0:04:29]} 31. Qe2 {[%clk 0:15:03]} Nb4
{[%clk 0:03:18]} 32. Bc3 {[%clk 0:13:29]} Qg5 {[%clk 0:03:34]} 33. h4
{[%clk 0:12:15]} Qh6 {[%clk 0:03:20]} 34. Bf3 {[%clk 0:11:32]} Rd8
{[%clk 0:02:40]} 35. Bd2 {[%clk 0:08:28]} Qh7 {[%clk 0:03:05]} 36. Ra3
{[%clk 0:08:40]} g6 {[%clk 0:03:07]} 37. Be3 {[%clk 0:08:22]} Rc8
{[%clk 0:02:22]} 38. Rb3 {[%clk 0:03:36]} Na2 {[%clk 0:00:48]} 39. Rcc3
{[%clk 0:01:25]} Nxc3 {[%clk 0:01:09]} 40. Rxc3 {[%clk 0:31:52]} Qg7
{[%clk 0:30:00]} 41. Qc2 {[%clk 0:26:11]} Qf8 {[%clk 0:19:17]} 42. Be2
{[%clk 0:18:34]} f5 {[%clk 0:10:56]} 43. Rc4 {[%clk 0:11:40]} Kh7
{[%clk 0:11:15]} 44. b3 {[%clk 0:05:16]} Bd6 {[%clk 0:11:16]} 45. f4
{[%clk 0:02:47]} Rb4 {[%clk 0:10:00]} 46. Bd2 {[%clk 0:02:37]} Rxc4
{[%clk 0:10:05]} 47. Qxc4 {[%clk 0:03:04]} e5 {[%clk 0:07:02]} 48. Nb6
{[%clk 0:03:04]} Rd8 {[%clk 0:07:28]} 49. Nd5 {[%clk 0:02:52]} exf4
{[%clk 0:06:47]} 50. Nxf4 {[%clk 0:02:41]} Bxf4 {[%clk 0:06:13]} 51. Bxf4
{[%clk 0:03:05]} fxe4 {[%clk 0:06:22]} 52. dxe4 {[%clk 0:03:09]} Rd4
{[%clk 0:06:42]} 53. Qc1 {[%clk 0:01:50]} Rxe4 {[%clk 0:06:10]} 54. Bd3
{[%clk 0:02:16]} Rd4 {[%clk 0:06:29]} 55. Qe3 {[%clk 0:02:35]} Qd8
{[%clk 0:02:13]} 56. Qe6 {[%clk 0:02:10]} Re4 {[%clk 0:00:45]} 57. Bxe4
{[%clk 0:01:40]} Qd4+ {[%clk 0:01:05]} 58. Kf1 {[%clk 0:01:39]} Qxe4
{[%clk 0:00:41]} 59. Qf7+ {[%clk 0:01:36]} Kh8 {[%clk 0:01:07]} 60. Qf8+
{[%clk 0:01:56]} Kh7 {[%clk 0:01:32]} 61. Qf7+ {[%clk 0:02:18]} Kh8
{[%clk 0:01:59]} 62. Qf8+ {[%clk 0:02:41]} Kh7 {[%clk 0:02:28]} 63. Qf7+
{[%clk 0:03:03]} Qe8 1/2-1/2

[Event "Team women final 2016"]
[Site "Sochi"]
[Date "2016.05.09"]
[Round "8.12"]
[White "Stetsko, Lanita"]
[Black "Nechaeva, Marina"]
[Result "0-1"]
[LiveChessVersion "1.4.4"]
[BlackElo "2416"]
[WhiteElo "2220"]
[BlackTeam "Ugra"]
[WhiteTeam "University"]

1. e4 {[%clk 1:30:54]} c6 {[%clk 1:30:56]} 2. Nc3 {[%clk 1:31:10]} d5
{[%clk 1:31:21]} 3. Nf3 {[%clk 1:31:18]} Bg4 {[%clk 1:31:46]} 4. h3
{[%clk 1:31:34]} Bxf3 {[%clk 1:32:11]} 5. Qxf3 {[%clk 1:32:00]} e6
{[%clk 1:32:37]} 6. d4 {[%clk 1:31:54]} dxe4 {[%clk 1:32:19]} 7. Qxe4
{[%clk 1:32:18]} Nf6 {[%clk 1:32:45]} 8. Qh4 {[%clk 1:32:12]} Nbd7
{[%clk 1:31:40]} 9. Bd3 {[%clk 1:32:11]} g6 {[%clk 1:31:04]} 10. O-O
{[%clk 1:32:04]} Bg7 {[%clk 1:26:31]} 11. a4 {[%clk 1:31:44]} Nd5
{[%clk 1:18:21]} 12. Qxd8+ {[%clk 1:30:24]} Rxd8 {[%clk 1:18:47]} 13. Nxd5
{[%clk 1:30:19]} cxd5 {[%clk 1:17:56]} 14. c3 {[%clk 1:30:01]} Nb8
{[%clk 1:10:40]} 15. a5 {[%clk 1:15:08]} O-O {[%clk 0:54:22]} 16. Re1
{[%clk 1:09:44]} Rc8 {[%clk 0:51:35]} 17. Bf4 {[%clk 1:07:10]} Rfd8
{[%clk 0:46:41]} 18. Ra3 {[%clk 1:00:33]} Nc6 {[%clk 0:45:10]} 19. b4
{[%clk 0:58:13]} Bf8 {[%clk 0:44:35]} 20. Rb3 {[%clk 0:56:52]} Bd6
{[%clk 0:44:30]} 21. Bg5 {[%clk 0:46:49]} Be7 {[%clk 0:41:18]} 22. Bd2
{[%clk 0:46:18]} Kg7 {[%clk 0:40:08]} 23. g3 {[%clk 0:43:39]} h5 {[%clk 0:39:05]}
24. f4 {[%clk 0:42:54]} Bd6 {[%clk 0:34:05]} 25. Kg2 {[%clk 0:35:17]} Ne7
{[%clk 0:33:05]} 26. Rbb1 {[%clk 0:29:12]} Rh8 {[%clk 0:32:36]} 27. Re2
{[%clk 0:26:26]} Nf5 {[%clk 0:31:40]} 28. Kf3 {[%clk 0:25:52]} Be7
{[%clk 0:30:56]} 29. Rg1 {[%clk 0:19:54]} Nd6 {[%clk 0:30:25]} 30. Be1
{[%clk 0:17:44]} Nc4 {[%clk 0:20:18]} 31. Reg2 {[%clk 0:14:00]} Bf6
{[%clk 0:19:25]} 32. Re2 {[%clk 0:08:08]} Rc7 {[%clk 0:15:02]} 33. Ra2
{[%clk 0:07:08]} Nd6 {[%clk 0:13:08]} 34. Rag2 {[%clk 0:02:58]} Rhc8
{[%clk 0:07:44]} 35. g4 {[%clk 0:01:47]} hxg4+ {[%clk 0:07:19]} 36. hxg4
{[%clk 0:02:06]} g5 {[%clk 0:03:41]} 37. Rh1 {[%clk 0:00:48]} Rxc3
{[%clk 0:01:58]} 38. Bxc3 {[%clk 0:01:03]} Rxc3 {[%clk 0:02:25]} 39. fxg5
{[%clk 0:00:39]} Rxd3+ {[%clk 0:00:48]} 40. Ke2 {[%clk 0:31:00]} Rxd4
{[%clk 0:31:14]} 41. gxf6+ {[%clk 0:31:10]} Kxf6 {[%clk 0:31:43]} 42. g5+
{[%clk 0:27:02]} Ke5 {[%clk 0:26:25]} 43. g6 {[%clk 0:19:52]} fxg6
{[%clk 0:26:48]} 44. Rxg6 {[%clk 0:20:08]} Rxb4 {[%clk 0:03:17]} 45. Rhh6
{[%clk 0:19:52]} Ne4 {[%clk 0:03:13]} 46. Rxe6+ {[%clk 0:19:41]} Kd4
{[%clk 0:03:39]} 47. a6 {[%clk 0:10:15]} Rb2+ {[%clk 0:04:04]} 48. Kf1
{[%clk 0:09:59]} Rb1+ {[%clk 0:01:25]} 49. Ke2 {[%clk 0:08:13]} Nc5
{[%clk 0:00:47]} 50. Rh4+ {[%clk 0:08:13]} Ne4 {[%clk 0:01:10]} 51. Rhh6
{[%clk 0:08:27]} b6 {[%clk 0:00:41]} 52. Re7 {[%clk 0:06:16]} Ng3+
{[%clk 0:00:46]} 53. Kf2 {[%clk 0:05:23]} Nf5 {[%clk 0:01:12]} 54. Rhe6
{[%clk 0:04:54]} Nxe7 {[%clk 0:01:36]} 55. Rxe7 {[%clk 0:05:22]} Ra1
{[%clk 0:01:06]} 56. Rxa7 {[%clk 0:05:49]} Kc5 {[%clk 0:01:02]} 57. Ra8
{[%clk 0:05:20]} Kc6 {[%clk 0:01:04]} 58. Ke3 {[%clk 0:05:18]} Ra4
{[%clk 0:00:56]} 59. Kd3 {[%clk 0:05:33]} Kc7 {[%clk 0:00:44]} 60. a7
{[%clk 0:03:42]} Ra1 {[%clk 0:00:38]} 61. Kc3 {[%clk 0:02:34]} Ra5
{[%clk 0:00:58]} 62. Kd4 {[%clk 0:00:53]} Kb7 {[%clk 0:01:22]} 63. Rd8
{[%clk 0:00:49]} Kxa7 {[%clk 0:01:49]} 64. Rd7+ {[%clk 0:00:40]} Ka6
{[%clk 0:02:15]} 65. Rc7 {[%clk 0:00:54]} Ra1 {[%clk 0:01:32]} 66. Kxd5
{[%clk 0:00:50]} Rd1+ {[%clk 0:01:56]} 67. Ke4 {[%clk 0:01:13]} Ka5
{[%clk 0:02:07]} 68. Rc2 {[%clk 0:00:42]} b5 {[%clk 0:02:30]} 69. Ke3
{[%clk 0:00:50]} Ka4 {[%clk 0:02:48]} 70. Ke2 {[%clk 0:00:47]} Rd7
{[%clk 0:02:17]} 71. Rc1 {[%clk 0:00:45]} b4 {[%clk 0:02:43]} 72. Rc4
{[%clk 0:00:49]} Ka3 {[%clk 0:03:07]} 73. Rc8 {[%clk 0:00:49]} b3
{[%clk 0:03:33]} 74. Ra8+ {[%clk 0:01:08]} Kb2 {[%clk 0:03:59]} 75. Rb8
{[%clk 0:01:30]} Kc2 {[%clk 0:04:24]} 76. Rc8+ {[%clk 0:01:37]} Kb1
{[%clk 0:04:50]} 77. Rb8 {[%clk 0:01:41]} b2 {[%clk 0:05:17]} 78. Ke3
{[%clk 0:01:52]} Ra7 {[%clk 0:04:09]} 0-1